Kuba - slnko, káva, cigary, hudba a... rozhovor skubánskym grafikom Eduardom Guerrom

Bibliographic Details
Main Authors: Michelčík, Martin (Author, Interviewer), Guerro, Eduardo (Author)
Other Authors: Karnišová, Zuzana, 1972- (Photographer)
Format: Article
Language:Slovak
PhysicalDescription:Fotogr.
Subjects:

MARC

LEADER 00000nab a2200000 a 4500
001 vtls008962370
003 SK-MaSNL
005 20260303070722.0
008 070410c200604 xo r p 000 00slo
015 |a SNBRB2007/04SVKPO 
038 |a SVKPOCL 
040 |a SVKPOCL  |b slo  |c AACR2  |e AACR2 
041 |a slo 
044 |a xo  |c SK 
080 |a 75.01  |2 2001 
080 |a 394.9(729.1:437.6)  |2 2001 
080 |a 929 Guerro, Eduardo  |2 2001 
100 1 |a Michelčík, Martin  |4 ivr  |4 aut  |9 495441 
245 1 0 |a Kuba - slnko, káva, cigary, hudba a...  |b rozhovor skubánskym grafikom Eduardom Guerrom  |c [zhováral sa] Martin Michelčík ; foto: Zuzana Breznoščáková 
300 |a Fotogr. 
600 1 7 |a Guerro, Eduardo  |2 svkpocl  |9 1068512 
611 2 7 |a Kubánske dni  |n (1. :  |d 2006 :  |c Prešov, Slovensko)  |2 svkpocl  |9 1068513 
650 0 7 |a kubánske výtvarné umenie  |2 svkpocl  |9 104949 
651 7 |a Prešov (Slovensko)  |2 svkpocl  |9 17347 
700 1 |a Karnišová, Zuzana,  |d 1972-  |4 pht  |9 182082 
700 1 |a Guerro, Eduardo  |4 ive  |4 aut  |9 1068512 
773 0 |t Prešovská univerzita  |g Roč. X, č. 4 (2006), s. 26 
852 |a SVKPO  |b KIS3GCP 
999 |c 1756638  |d 1758568